Pokémon - La capacité Cognobidon - Statistiques

Statistiques générales
  • Ce quiz a été pris 26 fois
  • Le résultat moyen est 9 sur 18
Statistiques - réponses
Niveaux Pokémon % Correct
Niveau 48 Ronflex
92%
Niveau 48 Goinfrex
88%
Niveau 26 Hariyama
84%
Niveau 25 Makuhita
84%
Niveau 56 Têtarte
52%
Niveau 43 Linéon
48%
Niveau 48 Ptitard
48%
Départ Tarpaud
48%
Départ Tartard
48%
Niveau 33 Zigzaton
44%
Niveau 60 Coudlangue
36%
Niveau 38 Darumacho
36%
Niveau 36 Darumarond
36%
Niveau 60 Excelangue
36%
Niveau 38 Darumacho de Galar
32%
Niveau 36 Darumarond de Galar
28%
Départ Ékaïser
24%
Départ Blindépique
16%
Aucun quiz correspondant
Distribution des résultats
% des personnes avec chaque résultat
Percentile par nombre de réponses
Votre historique - résultats
Vous n’avez pas pris ce quiz